| 000 | 01426nam0a22003131 4500 | ||
|---|---|---|---|
| 001 | v19\rc\1760249 | ||
| 005 | 20250619083230.0 | ||
| 035 | _a(NLR Aleph) 004890678 | ||
| 090 |
_a5267733 _c5267733 |
||
| 100 | _a20061204d1903 |||y0rusy50 ca | ||
| 101 | 1 |
_arus _cger |
|
| 102 | _aRU | ||
| 105 | _aa z ||||| | ||
| 200 | 1 |
_aПаровые машины _eРасчет паровых машин _e(Общ. понятия о теплоте, газах и водяном паре; теория паровых машин и правила их расчета) _fИ. Кесслер _gПер. с нем. изд. 1898 г. инж.-технол. К.В. Наумова, под ред. преп. Николаев. инж. акад. и Уч-ща инж. А.А. Саткевича |
|
| 210 |
_aСанкт-Петербург _cИ.И. Базлов _d1903 |
||
| 215 |
_a[4], 73 с. _cчерт. _d22 |
||
| 700 | 1 |
_9z01790 _aКесслер _bЙ. _gЙозеф |
|
| 702 | 1 |
_aНаумов _bК.В. _gКонстантин Вячеславович _4730 |
|
| 702 | 1 |
_aСаткевич _bА.А. _f1869-1942 _gАлександр Александрович _4340 |
|
| 790 | 1 |
_9z01700 _aКесслер _bИ. _gИосиф |
|
| 801 | 0 |
_aRU _bNLR _gpsbo |
|
| 801 | 0 |
_aRU _bRuMoRGB _2psbo |
|
| 801 | 1 |
_aRU _bProSoft-M _2rusmarc |
|
| 852 |
_aNLR _j34.83.6.869 |
||
| 899 |
_aRuMoRGB _jG 69/72 |
||
| 899 |
_aRuMoRGB _jV 505/367 |
||
| 899 | _aБАН | ||
| 942 | _cBOOK | ||
| 980 | _aNB | ||